• 首页
  • 本馆介绍
  • 公告通知
  • 最新文献
  • 馆藏检索
  • 电子资源
  • 读者导购
  • 参考咨询
  • 我的图书馆
  • 登录
  • 详细信息显示
  • 放入我的书架
  • 预约/预借图书
  • 作者相关作品
  • 分类相关作品
  • 丛书相关作品
  • 出版社相关作品

书目信息

  • 表格格式
  • 工作单格式
  • 卡片格式
题名:
企业合理节税避税经典案例讲解
    
 
作者: 翟继光 , 倪伟杰 编著
分册:  
出版信息: 上海   立信会计出版社  2021.1
页数: 435页
开本: 24cm
丛书名:
单 册:
中图分类: F812.423
科图分类:
主题词: 企业--qi ye--节税--案例--中国 , 企业--qi ye--避税--案例--中国
电子资源:
ISBN: 978-7-5429-6716-9
000 00963nam0 2200253 450
001 2156754500
005 20211108094136.0
010    @a978-7-5429-6716-9@dCNY70.00
100    @a20210525d2021 em y0chiy0120 ea
101 0  @achi
102    @aCN@b310000
105    @ay z 000yy
106    @ar
200 1  @a企业合理节税避税经典案例讲解@Aqi ye he li jie shui bi shui jing dian an li jiang jie@e2021年版@f翟继光,倪伟杰编著
210    @a上海@c立信会计出版社@d2021.1
215    @a435页@d24cm
330    @a本书分为十四章,分别论述了企业投资决策税收策划经典案例、企业经营决策税收策划经典案例、企业融资决策税收策划经典案例、企业重组改制决策税收策划经典案例、企业跨国经营税收策划经典案例等内容。
606 0  @a企业@Aqi ye@x节税@x案例@y中国
606 0  @a企业@Aqi ye@x避税@x案例@y中国
690    @aF812.423@v5
701  0 @a翟继光@Adi ji guang@4编著
701  0 @a倪伟杰@Ani wei jie@4编著
801  0 @aCN@b百万庄@c20211108
905    @b1313948-951@dF812.423@e107@f4
    
    企业合理节税避税经典案例讲解:2021年版/翟继光,倪伟杰编著.-上海:立信会计出版社,2021.1
    435页;24cm
    
    
    ISBN 978-7-5429-6716-9:CNY70.00
    本书分为十四章,分别论述了企业投资决策税收策划经典案例、企业经营决策税收策划经典案例、企业融资决策税收策划经典案例、企业重组改制决策税收策划经典案例、企业跨国经营税收策划经典案例等内容。
●
相关链接 在E读中查询图书 在五车中查询图书 在当当中查询图书 在豆瓣中查询图书


正题名:企业合理节税避税经典案例讲解     索取号:F812.423/107         预约/预借

序号 登录号 条形码 馆藏地/架位号 状态 备注
1 1313948   213139487   第一样本阅览室/ [索取号:F812.423/107] 在馆    
2 1313949   213139496   第一借阅区/ [索取号:F812.423/107] 在馆    
3 1313950   213139502   第一借阅区/ [索取号:F812.423/107] 在馆    
4 1313951   213139511   第一借阅区/ [索取号:F812.423/107] 在馆    
欢迎您!
大连网信软件有限公司© 版权所有